Filmografia di Leonardo Pieraccioni - Statistics

Statistiche generali
  • Questo quiz è stato fatto 38 volte
  • Il punteggio medio è 8 su 14
Statistiche sulle risposte
con Immagini Risposta % Corretto
Il ciclone
97%
I laureati
81%
Ti amo in tutte le lingue del mondo
72%
Una moglie bellissima
72%
Fuochi d'artificio
63%
Il pesce innamorato
63%
Il paradiso all'improvviso
59%
Il professor Cenerentolo
56%
Se son rose
53%
Un fantastico via vai
50%
Il principe e il pirata
47%
Il sesso degli angeli
41%
Finalmente la felicità
38%
Io & Marilyn
31%
Nessun quiz corrispondente trovato
Distribuzione punteggi
Percentuale di utenti per punteggio
Percentile per numero di risposta
I tuoi punteggi nel tempo
Non hai fatto questo quiz